LIBRARY & INFORMATION CENTRE, KCAET, TAVANUR

ONLINE PUBLIC ACCESS CATALOGUE (OPAC)

Modern farm management / (Record no. 13286)

MARC details
000 -LEADER
fixed length control field 00452cam a2200181ua 4500
041 ## - LANGUAGE CODE
Language code of text/sound track or separate title eng
082 ## - DEWEY DECIMAL CLASSIFICATION NUMBER
Classification number 631.584
Item number BOS/MO
100 ## - MAIN ENTRY--AUTHOR NAME
Personal name Boss, Andrew .
245 ## - TITLE STATEMENT
Title Modern farm management /
260 ## - PUBLICATION, DISTRIBUTION, ETC. (IMPRINT)
Place of publication New Delhi :
Name of publisher Biotech Books ,
Year of publication 2005.
300 ## - PHYSICAL DESCRIPTION
Number of Pages 578 ;
Accompanying material CD.
700 1# - ADDED ENTRY--PERSONAL NAME
Personal name Pond, George A .
942 ## - ADDED ENTRY ELEMENTS (KOHA)
Koha item type Books
Holdings
Withdrawn status Lost status Damaged status Home library Current library Date acquired Full call number Accession Number Koha item type
      KAUAET KAUAET 07/04/2012 631.584 21599 Books
free website counter